Uplatnění internetu v marketingu

Dôvody začlenenia internetu do marketingu. Vývoj internetu v Českej republike. Služby ponúkané prostredníctvom internetu. Ceny výrobkov predávaných prostredníctvom internetu. Uplatnenie internetu v distribúcii a marketingovej komunikácie. Reklama na internete.

Gespeichert in:
Bibliographische Detailangaben
1. Verfasser: Steinová, Martina
Format: Buchkapitel
Sprache:Tschechisch
Schlagworte:
Tags: Tag hinzufügen
Keine Tags, Fügen Sie das erste Tag hinzu!

MARC

LEADER 00000naa a2200000 4500
001 r038841
005 20231002125924.8
041 0 |a cze 
044 |a CZ 
245 1 0 |a Uplatnění internetu v marketingu  |c Martina Steinová 
520 |a Dôvody začlenenia internetu do marketingu. Vývoj internetu v Českej republike. Služby ponúkané prostredníctvom internetu. Ceny výrobkov predávaných prostredníctvom internetu. Uplatnenie internetu v distribúcii a marketingovej komunikácie. Reklama na internete. 
610 2 0 |a marketing 
610 2 0 |a riadenie 
610 2 0 |a technológie informačné 
610 2 0 |a nákup 
610 2 0 |a predaj 
610 2 0 |a služby 
610 2 0 |a reklama 
610 2 0 |a ceny 
610 2 0 |a komunikácia 
610 2 0 |a zákazníci 
610 2 0 |a používatelia 
610 2 0 |a Česko 
610 2 0 |a internet 
100 1 |a Steinová, Martina